Dil̀ogos em Direitos Humanos, Queste̳s Regulatr̤ias em Biotecnologia, Biodireito e Temas Interdisciplinares

Bibliographic Details
Main Author: de Moraes Mello, Cleyson
Other Authors: Pereira Nunes, Claudia Ribeiro, Rabelo, Leonardo
Format: eBook
Language:Portuguese
Published: Rio de Janeiro: Editora Processo, 2018
Subjects:
Online Access:Acceso restringido

MARC

LEADER 00000nam a22000007a 4500
005 20220720004021.0
007 cr|||| ||||
008 220720s2018 br |||||s|||| 00||0 por d
020 |a 978-85-93741-24-1 
035 |a 36746 
040 |a vLex 
090 |c 13610  |d 13610 
100 1 |a de Moraes Mello, Cleyson 
245 1 0 |a Dil̀ogos em Direitos Humanos, Queste̳s Regulatr̤ias em Biotecnologia, Biodireito e Temas Interdisciplinares  |h [Recurso electrn̤ico] /  |c Cleyson de Moraes Mello, Claudia Ribeiro Pereira Nunes, Leonardo Rabelo 
256 |a Servicio en ln̕ea 
260 |a Rio de Janeiro:  |b Editora Processo,  |c 2018 
300 |a 1 recurso electrn̤ico 
506 1 |a Disponible solo en los productos indicados  |d vLex Global  |d vLex Global (Academic Edition, excluding Law Schools)  |d vLex Global (U.S. Academic Edition, Law Schools)  |d vLex Global (U.S. Academic Edition, excluding Law Schools)  |d vLex Global (Academic Edition, Law Schools) 
650 0 4 |a Derecho Constitucional  |z Brasil 
700 1 |a Pereira Nunes, Claudia Ribeiro 
700 1 |a Rabelo, Leonardo 
740 0 |a vLex Libros (Servicio en ln̕ea) 
856 4 0 |u https://app.vlex.com/#/sources/36746  |z Acceso restringido 
942 |c BOOK 
999 0 |a Constitutional right